000 01974nam a22003011 4500
005 20050808122104.0
008 721219s1962 nyu 000 0 eng
010 _aB-346063-069
020 _a9780571215300
_c295.00
035 _aB-346063-069
037 _bPansy Books
040 _adpl
_bEnglish
082 _aN
100 _aBarry, Sebastian
245 _aThe secret scripture /
_cby Sebastian Barry
260 _aLondon
_bFaber and Faber Limited
_c2008
270 _a3 Queen Square,
_b London
_eWCIN 3AU
300 _a312p
_c18cm (pbk)
942 _2ddc
_cEN
_hN
_mSEB
999 _c23854
_d23854